| 000 | 01050nam a22003137a 4500 | ||
|---|---|---|---|
| 003 | DO-SdBPM | ||
| 005 | 20251013092319.0 | ||
| 007 | ta | ||
| 008 | 171110b2011 mx a ||||| |||| 00| 0 spa d | ||
| 020 | _a1575544458 | ||
| 020 | _a 9781575544458 | ||
| 040 |
_aDO-SdBPM _bspa _cBPMSU _erda |
||
| 082 | 4 |
_a155.4136 _bZ12o 2011 _222 |
|
| 100 | 1 |
_aZabala, Fernando _eautor |
|
| 245 | 1 | 0 |
_a¡Oye! tengo algo que decirte! : _bcómo establecer puentes de diálogo con los hijos / _cFernando Zabala. |
| 250 | _a3a. edición | ||
| 264 |
_aMéxico, D.F. : _bGEMA Editores ; APIA, _c2011 |
||
| 300 |
_a187 páginas : _bil., retrato ; _c25 cm. |
||
| 336 |
_atexto _btxt _2rdacontent |
||
| 337 |
_asin mediación _bn _2rdamedia |
||
| 338 |
_avolumen _bnc _2rdacarrier |
||
| 490 | 0 | _aDimensiones de la salud., Social. | |
| 590 | _aInventariado, 2025/VM | ||
| 650 | 7 |
_aComunicación _xAspectos psicológicos |
|
| 650 | 7 | _aPsicología infantil | |
| 650 | 7 | _a Relaciones de familia | |
| 910 | _aVMateo V. Control de calidad. BPMSU | ||
| 942 |
_2ddc _cBK |
||
| 999 |
_c12849 _d12849 |
||